Sprievodca účastníkov svätovojtešskej výpravy amerických Slovákov na jubileum Spolku sv. Vojtecha

Bibliographic Details
Format: Book
Language:Slovak
PhysicalDescription:31 s. 8°
Published: Trnava Spolok sv. Vojtecha 1930
Subjects:

MARC

LEADER 00000nam a2200000 a 4500
001 vtls008398218
003 SK-MaSNL
005 20260302053429.0
008 251124s1930 xo slo
015 |a SKSNBA19191938-011653 
035 |a SK01SNKBSKHR20020090435 
035 |a SKM000092898 
040 |a SNK  |b slo  |c SNK  |e AACR2 
041 1 |a slo 
044 |a xo 
080 |a 06  |2 1981 
245 1 0 |a Sprievodca účastníkov svätovojtešskej výpravy amerických Slovákov na jubileum Spolku sv. Vojtecha 
260 |a Trnava  |b Spolok sv. Vojtecha  |c 1930  |e Trnava  |f Spolok Sv. Vojtecha 
300 |a 31 s.  |c 8° 
500 |a Ilustr. ob. Fotogr. 
504 |a Na ob..: Jubileu Spolku sv. Vojtecha 1870-1930. Sv. vojtešská výprava z Ameriky 23.V.-7.VIII.1930 
610 2 7 |a Spolok sv. Vojtecha (Trnava, Slovensko)  |9 34261 
655 7 |a jubilejné publikácie  |2 SNKPH  |9 70339 
655 7 |a informačné publikácie  |2 SNKPH  |9 70181 
852 |a Slovenská národná knižnica v Martine  |b 10000  |h MS SD 2755/13 
852 |a Univerzitná knižnica v Bratislave  |b 300000  |h SF 1633 
958 |a OND 
958 |a RK 
958 |a TL 
999 |c 1109366  |d 1111296 
952 |a SNK  |b SNK  |y VYP  |7 0  |p 17A0515792  |o snkSD 2755/13 D1  |i snkK 1814/69  |0 0  |1 0  |4 0  |d 2006-07-13  |l 0  |r 2026-02-24 17:56:24  |w 2026-02-24 
952 |a SNK  |b SNK  |y VYP  |7 0  |p 17A0515791  |o snkSD 2755/13 D2  |i snkV 890/93  |0 0  |1 0  |4 0  |d 2006-07-13  |l 0  |r 2026-02-24 17:56:25  |w 2026-02-24